NICK in the '90s Quiz Stats

Quiz Updated Aug 17, 2016

Also try: Cartoons
Challenge
Share
Tweet
Embed
Score 0/25 Timer 06:00
0 Plays Today
Clues Correct Answers % Correct
Animated series starring a boy whose head was shaped like a footballHey Arnold!
82.8%
Sketch comedy show featuring Kenan Thompson among othersAll That
81%
Animated series that centered around babies, toddlers, and a dog named SpikeRugrats
79.5%
Roger Klotz and Skeeter Valentine were characters on this animated seriesDoug
73.5%
Appearing as a part of 'Snick at Night,' this show may have scared some of Nick's younger audienceAre you Afraid of the Dark?
66.1%
Before she was Sabrina the Teenage Witch, Melissa Joan Hart starred on this showClarissa Explains it All
57.9%
As a contestant on this show, one most likely took a 'physical challenge' of some kind or anotherDouble Dare
54.1%
Game show where teams like the Red Jaguars were pitted against other teams with similar animal/color combinations in their namesLegends of the Hidden Temple
52.8%
Animated series starring an intelligent little girl, her dog, and her detective uncleInspector Gadget
52.1%
Animated series about a wallaby whose theme song was sung by the B-52'sRocko's Modern Life
51.3%
Short-lived television series that took place at Camp AnawannaSalute Your Shorts
43.5%
Show about two brothers with the same nameThe Adventures of Pete & Pete
42.1%
Grand prize on this game show: a piece of the Aggro CragGUTS
40.4%
Clues Correct Answers % Correct
Short-lived television series that took place on a ranch and also featured Christine TaylorHey Dude!
31.1%
Game show where performing the 'Secret Slime Action' could get oneself slimedFigure It Out
27.1%
Muddy Mudskipper and Powdered Toast Man appeared in this animated seriesThe Ren & Stimpy Show
26.6%
Children's show about a puppet sorceress, her friends, and a magical castleEureeka's Castle
21.1%
The main character of this show was able to morph into a liquid puddleThe Secret World of Alex Mack
20.1%
Cuba Gooding Jr.'s younger brother hosted this game show where nerf guns, water slides, and pies were common props used among its contestantsWild and Crazy Kids
18.4%
Reruns of this popular 80's sketch comedy show featuring Alanis Morissette aired in the early 90's You Can't Do That on Television
11.5%
Game show where contestants moved 'Mikey' across the boardNick Arcade
9.5%
Marc Weiner hosted this children's show boasting a puppet stage set that looked like a cityWeinerville
8.7%
Short-lived series about an Asian sleuth and her friendsThe Mystery Files of Shelby Woo
7.8%
Episodes of this show revolved around the Any family and their problems in daily lifeRoundhouse
4.4%
This show took place at Hawthorne High SchoolWelcome Freshmen
3.6%

You're not logged in!

Compare scores with friends on all Sporcle quizzes.
Sign Up with Email
OR
Log In

You Might Also Like...

Show Comments

Extras

Top Quizzes Today


Score Distribution

Your Account Isn't Verified!

In order to create a playlist on Sporcle, you need to verify the email address you used during registration. Go to your Sporcle Settings to finish the process.